000 00497cam a22001451 4500
082 _a355.009241
_bBLO
_cD
100 1 _aBlood, Bindon,
_949265
245 1 0 _aFour score years and ten;
_bSir Bindon Blood's reminiscences,
_cby General Sir Bindon Blood.
260 _aLondon,
_bG. Bell,
_c1933.
300 _axii, 356 p.
_bfront., illus. (maps) plates, ports.
_c23 cm.
526 _a0
_b0
_c0
_d355_009241000000000_BLO
650 0 _aGenerals
_zGreat Britain
_949266
650 0 _aMCE
_9379
942 _2ddc
_cBK
999 _c552063
_d552063